000 00302nam a22001337a 4500
008 170323b xxu||||| |||| 00| 0 eng d
020 _a1578010268
041 _aeng
080 _62 ED
_a616.9
100 _a8
101 _aSHM
245 _aHIV AIDS A2- HOUR OVER REWIEW
_cLORENZO.L.A
942 _2udc
_cBK
999 _c8423
_d8423